The Middle East : (Record no. 64706)
[ view plain ]
| 000 -LEADER | |
|---|---|
| fixed length control field | 00926nam a2200277 a 4500 |
| 001 - CONTROL NUMBER | |
| control field | 64706 |
| 003 - CONTROL NUMBER IDENTIFIER | |
| rucl marc code | BD-RjUL |
| 005 - DATE AND TIME OF LATEST TRANSACTION | |
| control field | 20211209081336.0 |
| 008 - FIXED-LENGTH DATA ELEMENTS--GENERAL INFORMATION | |
| fixed length control field | 170219s1976 enka b 001 0 eng d |
| 020 ## - INTERNATIONAL STANDARD BOOK NUMBER | |
| International Standard Book Number | 0471061174 |
| International Standard Book Number | 0471061190 (pbk.) |
| 035 ## - SYSTEM CONTROL NUMBER | |
| System control number | (BD-RjUL)64836 |
| 040 ## - CATALOGING SOURCE | |
| Original cataloging agency | DLC |
| Transcribing agency | DLC |
| Modifying agency | BD-RjUL |
| Language of cataloging | eng |
| 041 ## - LANGUAGE CODE | |
| Language code of text/sound track or separate title | eng |
| 082 00 - DEWEY DECIMAL CLASSIFICATION NUMBER | |
| Classification number | 956.04 |
| Edition number | 23 |
| Author mark and year | BEM 1976 |
| 100 1# - MAIN ENTRY--PERSONAL NAME | |
| Personal name | Beaumont, Peter |
| Dates associated with a name | 1940- |
| 9 (RLIN) | 191834 |
| 245 14 - TITLE STATEMENT | |
| Title | The Middle East : |
| Remainder of title | a geographical study / |
| Statement of responsibility, etc. | Peter Beaumont, Gerald H. Blake, J. Malcolm Wagstaff. |
| 260 ## - PUBLICATION, DISTRIBUTION, ETC. (IMPRINT) | |
| Place of publication, distribution, etc. | London ; |
| -- | New York : |
| Name of publisher, distributor, etc. | Wiley, |
| Date of publication, distribution, etc. | c1976. |
| 300 ## - PHYSICAL DESCRIPTION | |
| Pagination | xvii, 572 p. : |
| Illustrations | ill. ; |
| Size | 24 cm. |
| 500 ## - GENERAL NOTE | |
| General note | Includes index. |
| 504 ## - BIBLIOGRAPHY, ETC. NOTE | |
| Bibliography, etc | Bibliography: p. 509-556. |
| 651 #0 - SUBJECT ADDED ENTRY--GEOGRAPHIC NAME | |
| Geographic name | Middle East |
| General subdivision | Description and travel. |
| 9 (RLIN) | 187753 |
| 700 1# - ADDED ENTRY--PERSONAL NAME | |
| Personal name | Blake, Gerald Henry, |
| Relator term | joint author. |
| Personal name | Wagstaff, J. Malcolm |
| Fuller form of name | (John Malcolm), |
| Dates associated with a name | 1940- |
| Relator term | joint author. |
| 942 ## - ADDED ENTRY ELEMENTS (KOHA) | |
| Source of classification or shelving scheme | Dewey Decimal Classification |
| Koha item type | Books |
| Lost status | Source of classification or shelving scheme | Damaged status | Not for loan | Collection code | Permanent Location | Current Location | Shelving location | Date acquired | Source of acquisition | Total Checkouts | Full call number | Date last seen | Copy number | Koha item type |
|---|---|---|---|---|---|---|---|---|---|---|---|---|---|---|
| Dewey Decimal Classification | Not For Loan | Non-fiction | Central Library, University of Rajshahi | Central Library, University of Rajshahi | Reading Room | 10/05/1980 | Asia Foundation | 956.04 BEM 1976 | 19/02/2017 | C-1 | Books |